000
00217nam a22000977a 4500
999
_c
65229
_d
65226
082
_a
297
_a
oka
100
_a
BERNARD O'KANE
245
_a
treasures of islam
260
_a
united kingdom
_b
duncan baird
_c
2007
942
_c
BK